Wan dou gong zhu (Chinese)

Bibliographic Details
Format: Book
Published: Selangor : Little Sun , 2007
Series:Xiao tai yang kai xin tong una ji
Subjects:

MARC

LEADER 00000cam a2200000 7i4500
001 0000024433
005 20081223.0
008 081223
020 |a 9675000751 
090 0 0 |a WAN   |b CHI 
245 1 0 |a Wan dou gong zhu (Chinese) 
246 1 4 |a The princess and the pea 
260 |a Selangor :   |b Little Sun ,   |c 2007 
440 |a Xiao tai yang kai xin tong una ji 
650 0 |a Chinese language   |x Readers   |x Folklore   |x Juvenile literature 
650 0 |a Folklore 
999 |a 0001038839   |b Book   |c Chinese Collection   |e Perbadanan Perpustakaan Awam Johor